|
|
|
|
| LEADER |
01438nam a22003854a 4500 |
| 001 |
EBC3050585 |
| 003 |
MiAaPQ |
| 005 |
20200520144314.0 |
| 006 |
m o d | |
| 007 |
cr cn||||||||| |
| 008 |
030501s2003 dcua sb i000 0 eng |
| 010 |
|
|
|z 2003052533
|
| 020 |
|
|
|z 082135549X (pbk.)
|
| 035 |
|
|
|a (MiAaPQ)EBC3050585
|
| 035 |
|
|
|a (Au-PeEL)EBL3050585
|
| 035 |
|
|
|a (CaPaEBR)ebr10040255
|
| 035 |
|
|
|a (CaONFJC)MIL8692
|
| 035 |
|
|
|a (OCoLC)53319387
|
| 040 |
|
|
|a MiAaPQ
|c MiAaPQ
|d MiAaPQ
|
| 050 |
|
4 |
|a HG3881.5.W57
|b W6919 2003
|
| 082 |
0 |
4 |
|a 332.1/532
|2 21
|
| 245 |
0 |
0 |
|a World Bank Operations Evaluation Department
|h [electronic resource] :
|b the first 30 years /
|c edited by Patrick G. Grasso, Sulaiman S. Wasty, Rachel V. Weaving.
|
| 246 |
3 |
|
|a First 30 years
|
| 246 |
3 |
|
|a First thirty years
|
| 260 |
|
|
|a Washington, D.C. :
|b World Bank,
|c 2003.
|
| 300 |
|
|
|a xiv, 183 p. :
|b ill.,.
|
| 504 |
|
|
|a Includes bibliographical references.
|
| 533 |
|
|
|a Electronic reproduction. Ann Arbor, MI : ProQuest, 2015. Available via World Wide Web. Access may be limited to ProQuest affiliated libraries.
|
| 610 |
2 |
0 |
|a World Bank.
|b Operations Evaluation Dept.
|
| 655 |
|
4 |
|a Electronic books.
|
| 700 |
1 |
|
|a Grasso, Patrick.
|
| 700 |
1 |
|
|a Wasty, Sulaiman S.
|
| 700 |
1 |
|
|a Weaving, Rachel,
|d 1947-
|
| 710 |
2 |
|
|a ProQuest (Firm)
|
| 856 |
4 |
0 |
|u https://ebookcentral.proquest.com/lib/matrademy/detail.action?docID=3050585
|z Click to View
|